Spielberg Movies by John Williams Soundtracks #1 - Statistics

General Stats
  • This quiz has been taken 228 times
  • The average score is 7 of 14
Answer Stats
Tracks from the Original Score Album Film % Correct
Incident at Isla Nublar / The Raptor Attack / Dennis Steals the Embryo Jurassic Park
90%
Flight from Peru / Desert Chase / The Miracle of the Ark Raiders of the Lost Ark
84%
Hymn to the Fallen / Revisiting Normandy / Omaha Beach Saving Private Ryan
80%
I Could Have Done More / Stolen Memories / Making the List Schindler's List
71%
Abandoned and Pursued / Over the Moon / Adventure on Earth E.T. the Extra-Terrestrial
66%
We Don't Wanna Grow Up / Granny Wendy / The Lost Boy Chase Hook
63%
Out to Sea / The Indianapolis Story / Preparing the Cage Jaws
63%
The Abduction of Barry / Climbing Devil's Tower / The Appearance of the Visitors Close Encounters of the Third Kind
50%
X Marks the Spot / No Ticket / The Penitent Man Will Pass Indiana Jones and the Last Crusade
43%
The People's House / Getting Out the Vote / Equality under the Law Lincoln
32%
The Mecha World / Cybertronics / Rouge City A.I. Artificial Intelligence
26%
Dry Your Tears, Afrika / Crossing the Atlantic / Cinque's Memories of Home Amistad
26%
Sophie's Nightmare / Fleshlumpeater / Blowing Dreams The BFG
22%
The Tale of Viktor Navorski / Dinner with Amelia / Jazz Autographs The Terminal
20%
No matching quizzes found
Score Distribution
Percent of People with Each Score
Percentile by Number Answered
Your Score History
You have not taken this quiz